000 00498 a2200157 4500
999 _c2190
_d2190
020 _a9788120346314
050 _aHF5387 MRU 2013
100 _aMruthyunjaya, H.C.
_eauthor
245 _aBusiness Ethics and Value Systems
_cH. C. Mruthyunjaya
250 _aEastern economy edition
264 _aDelhi
_bPHL Learning
_c2013
300 _a749p. :
_bill.
500 _aIncludes bibliographical references and index
650 _aBusiness ethics
942 _2lcc
_cBK
_eEastern economy edition
_h5387
_iMRU
_kHF